| 000 | 00442nam a2200181Ia 4500 | ||
|---|---|---|---|
| 008 | 170918s9999 xx 000 0 und d | ||
| 020 | _a9780330452021 | ||
| 050 | _bR328 2008 | ||
| 100 | _aRees, Gwyneth | ||
| 245 | _aMore magical fairy fun / | ||
| 245 | _cby Gwyneth Rees. | ||
| 260 | _aLondon : | ||
| 260 | _bMacmillan childrens books, | ||
| 260 | _c2008 | ||
| 300 | _a152 pages : | ||
| 300 | _billustrations ; | ||
| 300 | _c19cm. | ||
| 999 |
_c343485 _d343485 |
||